| 000 | 01462nas a2200493 4500 | ||
|---|---|---|---|
| 001 | BR7904889 | ||
| 003 | BR-BrBNA | ||
| 005 | 20231205083849.0 | ||
| 007 | ta | ||
| 008 | 230509b bl.|||p| |||| 00| 00por d | ||
| 040 |
_aBR-BrBNA _bpor _cBiblioteca Nacional de Agricultura |
||
| 041 | _a(Pt) | ||
| 072 | _aL73; L74 | ||
| 100 | 1 | _aPortugal, M.A.S.C. | |
| 100 | 1 | _aPustiglione Netto, L. | |
| 100 | 1 | _aAmaral, L.B.S. | |
| 100 | 1 | _aGiorgi, W. | |
| 100 | 1 | _aAmaral, V. do | |
| 100 | 1 | _aNilsson, M.R. | |
| 100 | 1 | _aRibeiro, L.O.C. | |
| 100 | 1 | _aGenovez, M.E. | |
| 100 | 1 | _aFernandes, N.S. | |
| 100 | 1 | _aCamargo, W.V.A. | |
| 245 | 1 | _aAs principais doencas que atacam os bovinos [Mamite; Aftosa; Brucelose; Pasteurelose; Salmonelose; Raiva; Tuberculose; Leptospirose; Carbunculo; Vibriose; Tricomonose; Anaplasmose; Disturbio animal] | |
| 650 | _aDoenca animal | ||
| 650 | _aDisturbio animal | ||
| 650 | _aBovino | ||
| 650 | _aMamite | ||
| 650 | _aAftosa | ||
| 650 | _aBrucelose | ||
| 650 | _aPasteurelose | ||
| 650 | _aSalmonelose | ||
| 650 | _aRaiva | ||
| 650 | _aTuberculose | ||
| 650 | _aLeptospirose | ||
| 650 | _aCarbunculo | ||
| 650 | _aVibriose | ||
| 650 | _aTricomonose | ||
| 650 | _aAnaplasmose | ||
| 650 | _aDeficiencia nutricional | ||
| 773 | 0 |
_tRevista dos criadores (Brazil) _xISSN 0034-9259 _g(Jun 1979), v. 49(593) p. 8-24 _wBR7904889 |
|
| 909 |
_a202311 _bLúcia _c55 _dLúcia Elande |
||
| 942 |
_2AGRIS _n0 _cANA |
||
| 999 |
_c101681 _d101681 |
||